| 000 | 00907nam a22003017a 4500 | ||
|---|---|---|---|
| 003 | CHAP | ||
| 005 | 20220329134520.0 | ||
| 008 | 971013s1960 r 00010 d | ||
| 010 | _a21474 | ||
| 011 | _a22446 | ||
| 035 | _a26541 | ||
| 040 | _cCHAP | ||
| 082 |
_a333.0973 _bC53 |
||
| 100 | 0 | 0 |
_aClawson, Marion. _923735 |
| 245 | _aLand for the future | ||
| 260 |
_aBaltimore : _bJohns Hopkins, _c1960 |
||
| 300 |
_a570 p. _b: mapa |
||
| 590 |
_aBATCH-UPD _b10 _c20130109 _lUCH01 _h2358 |
||
| 590 |
_aBATCH-UPD _b10 _c20130110 _lUCH01 _h1431 |
||
| 590 |
_aCONVERSION _b10 _c20130109 _lUCH01 _h1313 |
||
| 650 | 1 | 4 |
_aTierras _xAprovechamiento. _9113069 |
| 700 | 0 |
_aHeld, R. Burnell _ecoaut. _953410 |
|
| 700 | 0 |
_aStoddard, Charles Hatch _ecoaut. _9109841 |
|
| 790 | _aResources for the future | ||
| 901 | _aBK | ||
| 942 | _cLIBRO | ||
| 949 |
_a333.0973 C53 _bBC _cLIBRO _d33724000328514 _eLIBRO _h28391 _i26541 _mD _si |
||
| 999 |
_c21474 _d21474 |
||